|
|
|
|
| LEADER |
00000nam0a2200000 4500 |
| 001 |
362946 |
| 005 |
20231102011536.0 |
| 035 |
|
|
|a (RuTPU)RU\TPU\retro\20292
|
| 035 |
|
|
|a RU\TPU\retro\20286
|
| 090 |
|
|
|a 362946
|
| 100 |
|
|
|a 20210906d1933 k y0rusy50 ca
|
| 101 |
0 |
|
|a rus
|
| 102 |
|
|
|a RU
|
| 105 |
|
|
|a a z 001zy
|
| 200 |
1 |
|
|a Нефтяное месторождение Джуса Урало-Эмбенского района. Нефтяное месторождение Итас-сай Урало-Эмбенского района
|f Л. П. Смирнов
|g Нефтяной геологоразведочный институт
|
| 210 |
|
|
|a Москва
|a Ленинград
|c Государственное научно-техническое нефтяное изд-во
|d 1933
|
| 215 |
|
|
|a 36 с.
|c ил.
|
| 225 |
1 |
|
|a Труды нефтяного геолого-разведочного института
|
| 225 |
1 |
|
|a Серия Б
|v Вып. 23
|
| 320 |
|
|
|9 572
|a Библиогр. в примеч.
|
| 606 |
1 |
|
|a Нефтяные месторождения
|y Урал
|2 stltpush
|3 (RuTPU)RU\TPU\subj\72111
|9 85698
|
| 610 |
1 |
|
|a тектоника
|
| 610 |
1 |
|
|a нефтеносность
|
| 610 |
1 |
|
|a орография
|
| 610 |
1 |
|
|a стратиграфия
|
| 675 |
|
|
|a 553.982(470.5)
|v 4
|
| 700 |
|
1 |
|a Смирнов
|b Л. П.
|
| 712 |
0 |
2 |
|a Нефтяной геологоразведочный институт
|c (Ленинград)
|c (1929-1945)
|2 stltpush
|3 (RuTPU)RU\TPU\col\23516
|9 28332
|
| 801 |
|
1 |
|a RU
|b 63413507
|c 20210820
|
| 801 |
|
2 |
|a RU
|b 63413507
|c 20210906
|g RCR
|
| 942 |
|
|
|c BK
|